000 00355nam a2200145Ia 4500
008 230718s9999 xx 000 0 und d
041 _aEng.
082 _a345.54
_bMAL-T
100 _aMaliks S.K.
245 4 _aThe Code of Criminals Procedure, 1973
260 _aPakistan
_bDelight law Publisher
_c2010
300 _a1763
650 _aLaw
999 _c29863
_d29863